书目信息 |
| 题名: |
历代文学艺术家的传说
|
|
| 作者: | 祁连休 著 | |
| 分册: | 第一册 | |
| 出版信息: | 上海 上海文艺出版社 1981-1984 |
|
| 页数: | 291页 | |
| 开本: | 19cm | |
| 丛书名: | 故事丛书 | |
| 单 册: | ||
| 中图分类: | I276.3 | |
| 科图分类: | ||
| 主题词: | 民间文学--中国 | |
| 电子资源: | ||
| ISBN: | ||
| 000 | 00690nam2 2200253 45 | |
| 001 | 0181008069 | |
| 005 | 20060805084700.68 | |
| 010 | @dCNY0.68 | |
| 091 | @a10078.3257(1) | |
| 100 | @a19950626d1981 em y0chiy0121 ea | |
| 101 | 0 | @achi |
| 102 | @aCN@b310000 | |
| 105 | @ay z 000fc | |
| 200 | 10 | @a历代文学艺术家的传说@h第一册@Ali dai wen xue yi shu jia de chuan shuo@f祁连休著 |
| 210 | @a上海@c上海文艺出版社@d1981-1984 | |
| 215 | @a291页@d19cm | |
| 225 | 2 | @a故事丛书 |
| 410 | 0 | @120010@a故事丛书 |
| 606 | 0 | @a民间文学@x中国 |
| 690 | @aI276.3 | |
| 701 | 0 | @a祁连休@Aqi lian xiu@4著 |
| 801 | 2 | @aCN@bNLC@c20060805 |
| 801 | 0 | @aCN@b上海图书馆@c20060805 |
| 905 | @dI276.3@e22:1 | |
| 历代文学艺术家的传说.第一册/祁连休著.-上海:上海文艺出版社,1981-1984 |
| 291页;19cm.-(故事丛书) |
| ISBN :CNY0.68 |
| ● |
| 相关链接 |
|
|
|
|
正题名:历代文学艺术家的传说
索取号:I276.3/22:1
 
预约/预借
| 序号 | 登录号 | 条形码 | 馆藏地/架位号 | 状态 | 备注 |
| 1 | 0055686 | 000037061 | 第二借阅区/ [索取号:I276.3/22:1] | 在馆 | |
| 2 | 0055687 | 000037052 | 第二借阅区/ [索取号:I276.3/22:1] | 在馆 | |
| 3 | 0055688 | 000037034 | 第二借阅区/ [索取号:I276.3/22:1] | 在馆 | |
| 4 | 0055689 | 000037070 | 第一样本阅览室/ [索取号:I276.3/22:1] | 在馆 | |
| 5 | 0449544 | 204495448 | 密集书库/ [索取号:I276.3/22:1] | 在馆 |